Ensayo teórico de derecho natural (Record no. 166014)

MARC details
000 -LEADER
campo de control de longitud fija 00775nam a22002055i 4500
001 - NÚMERO DE CONTROL
campo de control 166014
003 - IDENTIFICADOR DE NÚMERO DE CONTROL
campo de control ES-MaACL
005 - FECHA Y HORA DE LA ÚLTIMA TRANSACCIÓN
campo de control 20250809033908.0
008 - DATOS DE LONGITUD FIJA--INFORMACIÓN GENERAL
campo de control de longitud fija 940206s1884 sp |||| | spa d
040 ## - FUENTE DE CATALOGACIÓN
Centro catalogador/agencia de origen CAM
Lengua de catalogación spa
100 1# - ENTRADA PRINCIPAL--NOMBRE DE PERSONA
Nombre de persona Tapparelli, Luigi.
9 (RLIN) 133118
245 10 - MENCIÓN DEL TÍTULO
Título Ensayo teórico de derecho natural
Resto del título : apoyado en los hechos /
Mención de responsabilidad, etc. por Luis Taparelli ; traducido directamente de la última ed. italiana... corregida y aumentada por Juan Manuel Ortí y Lara.
250 ## - MENCION DE EDICION
Mención de edición 2ª ed.
260 ## - PUBLICACIÓN, DISTRIBUCIÓN, ETC.
Lugar de publicación, distribución, etc. Madrid :
Nombre del editor, distribuidor, etc. Nueva Librería e Imprenta de San José,
Fecha de publicación, distribución, etc. 1884.
300 ## - DESCRIPCIÓN FÍSICA
Extensión 3 v. ;
Dimensiones 23 cm.
650 #7 - PUNTO DE ACCESO ADICIONAL DE MATERIA--TÉRMINO DE MATERIA
Término de materia o nombre geográfico como elemento de entrada Derecho natural
Fuente del encabezamiento o término embne
9 (RLIN) 11744
700 1# - ENTRADA AGREGADA--NOMBRE PERSONAL
Nombre de persona Ortí y Lara, Juan Manuel.
9 (RLIN) 87534
852 ## - LOCALIZACIÓN
Ubicación ES-MaACL
Número de control de estantería B-5429-31
Nota libre -- Enc. hol.
Holdings
Estatus retirado Estado de pérdida Estado de daño No para préstamo Colección Biblioteca de origen Biblioteca actual Ubicación en estantería Fecha de adquisición Total de préstamos Signatura topográfica completa Código de barras Visto por última vez Precio de reemplazo Tipo de ítem Koha
        Libros del s. XIX Biblioteca del Ateneo de Madrid Biblioteca del Ateneo de Madrid Sala Pardo Bazán 17/01/2008   B-5429-31 1174104 23/02/2023 23/02/2023 Libro impreso antiguo